És divertit, però no és un joc : campanya de prevenció d'embarassos en adolescents : guia informativa / [text elaborat per l'equip del Centre Jove d'Anticoncepció i Sexualitat de Madrid] campanya de prevenció d'embarassos en adolescents :
Descripción Física:
12 fitxes en una carpeta : il. col. ; 24 cm
MARC
| LEADER | 00000nam a2200000Ia 4500 | ||
|---|---|---|---|
| 001 | 18078 | ||
| 008 | 160829s1993 xx 000 0 cat d | ||
| 080 | |a FU-49-42 | ||
| 100 | |a Centre Jove d'Anticoncepció i Sexualitat (Madrid) |9 20842 | ||
| 245 | |a És divertit, però no és un joc : |b campanya de prevenció d'embarassos en adolescents : |b guia informativa / [text elaborat per l'equip del Centre Jove d'Anticoncepció i Sexualitat de Madrid] | ||
| 260 | |a Barcelona : |b Diputació de Barcelona. Servei de Joventut, |c 1993 | ||
| 300 | |a 12 fitxes en una carpeta : |b il. col. ; |c 24 cm | ||
| 650 | 0 | |a Educació sexual |9 22139 | |
| 650 | |a Control de la natalitat |9 34257 | ||
| 710 | 1 | |a Barcelona (Catalunya : Província). |b Servei de Joventut |9 54681 | |
| 901 | |a Arxiu | ||
| 942 | |n 1 | ||
| 952 | |0 0 |1 0 |4 0 |6 FU4942 |7 1 |9 41709 |a Arxiu |b Arxiu |d 2016-12-01 |l 0 |o FU-49-42 |p 18078 |r 2016-12-01 00:00:00 |w 2016-12-01 |y ARXIU | ||
| 999 | |c 43599 |d 43599 | ||